Pascua y el hombre nuevo

保存先:
書誌詳細
主要な著者: Lohfink, Gerhard (autor), Vogtle, Anton (著者), Schnackenburg, Rudolf (著者)
その他の著者: Pannenberg, Wolfhart (autor)
フォーマット: 図書
言語:スペイン語
出版事項: Santander Sal Terrae 1983
版:1a. ed
シリーズ:Colección Alcance, 29
主題:
タグ: タグ追加
タグなし, このレコードへの初めてのタグを付けませんか!

MARC

LEADER 00000cam a2200000 a 4500
001 UCE7048
003 CL-VaPUC
008 150520e19830000sp |||||||||||||||||spa|d
020 |a 8429306455 
082 0 4 |a 232.5  |b LOH  |2 21 
100 |a Lohfink, Gerhard  |e autor  |9 580838 
700 0 |a Vogtle, Anton  |e author  |9 579769 
700 0 |a Schnackenburg, Rudolf  |e author  |9 579770 
700 |a Pannenberg, Wolfhart  |e autor  |9 580280 
245 1 0 |a Pascua y el hombre nuevo 
250 |a 1a. ed 
300 |a 206 p 
942 |c BK 
945 |d 20150520 16:51:00  |a dcastane 
260 |a Santander  |b Sal Terrae  |c 1983 
650 0 |a Resurrección de Jesús   |9 314391 
650 7 |a PASCUA DE RESURRECCION  |2 CL-VaPUC  |9 317172 
650 7 |a JESUS  |2 CL-VaPUC  |9 395298 
583 |a last modification  |c 20150520 16:51:00  |k Rodrigo Vera 
490 0 |a Colección Alcance, 29 
999 |c 359190  |d 359188 
952 |0 0  |1 0  |3 erb  |4 0  |6 232_500000000000000_LOH_1983  |7 0  |8 A  |9 468262  |a BIBTEO  |b BIBTEO  |e Casale Rolle, Carlos Ignacio, -2014  |i 5181240  |l 1  |o 232.5 LOH 1983  |p 5181240  |r 2025-04-21  |s 2025-04-07  |w 2019-11-23  |y BK  |z Catalogado en:20150520  |k ICR